| 000 | 00399nam a2200157Ia 4500 | ||
|---|---|---|---|
| 008 | 230917s9999||||xx |||||||||||||| ||und|| | ||
| 020 | _cRS100 | ||
| 040 |
_e190078 _aMAIN |
||
| 041 | _aEnglish | ||
| 082 | _a891.42092 P79J | ||
| 100 | _aPooni, Balbir Singh | ||
| 245 | 0 | _aShah Mohammad Jang Singhan Angrejan. | |
| 260 |
_aAmritsar _bWaris Shah Foundation _c1998 |
||
| 300 | _a138 p. | ||
| 942 | _cBK | ||
| 999 |
_c80955 _d80955 |
||